LIBRARY & INFORMATION CENTRE, KCAET, TAVANUR

ONLINE PUBLIC ACCESS CATALOGUE (OPAC)

Industrial instrumentation / (Record no. 10363)

MARC details
000 -LEADER
fixed length control field 00411cam a2200157ua 4500
003 - CONTROL NUMBER IDENTIFIER
control field OSt
008 - FIXED-LENGTH DATA ELEMENTS--GENERAL INFORMATION
fixed length control field 250101b |||||||| |||| 00| 0 eng d
020 ## - INTERNATIONAL STANDARD BOOK NUMBER
ISBN 8123908105
082 ## - DEWEY DECIMAL CLASSIFICATION NUMBER
Classification number 621.371
Item number ECK/IN
100 ## - MAIN ENTRY--AUTHOR NAME
Personal name Eckman, Donald P .
245 ## - TITLE STATEMENT
Title Industrial instrumentation /
260 ## - PUBLICATION, DISTRIBUTION, ETC. (IMPRINT)
Place of publication New Delhi :
Name of publisher CBS Publishers and Distributors Pvt. Ltd
Year of publication 2004
300 ## - PHYSICAL DESCRIPTION
Number of Pages 396 ; .
500 ## - GENERAL NOTE
General note *CSS
942 ## - ADDED ENTRY ELEMENTS (KOHA)
Koha item type Books
Holdings
Withdrawn status Lost status Damaged status Home library Current library Date acquired Full call number Accession Number Koha item type Collection code Shelving location Source of acquisition Cost, normal purchase price
Withdrawn     KAUAET KAUAET 11/09/1986 621.371 15773 Books        
      KAUAET KAUAET 02/07/2016 621.371 ECK/IN 25071 Books   General Stacks Neoti Book Agency Pvt Ltd, New Delhi 225.00
      KAUAET KAUAET 02/07/2016 621.371 ECK/IN 25072 Books   General Stacks Neoti Book Agency Pvt Ltd, New Delhi 225.00
      KAUAET KAUAET 03/09/2018 621.371 ECK/IN 18211 Books   Scheme    
      KAUAET KAUAET 04/09/2018 621.371 ECK/IN 18212 Books   Scheme    
      KAUAET KAUAET 04/09/2018 621.371 ECK/IN 18210 Books   Scheme    
free website counter